000 00788nam a2200241Ia 4500
003 OSt
005 20220923221236.0
006 a|||||r|||| 00| 0
007 ta
008 220922b |||||||| |||| 00| 0 hin d
024 _a195,901
037 _cTextual
040 _aARTS
_cARTS
_bhin
041 _2hin
_ahin
082 _aR5:g, 152M0
100 _aकुन्तल, रमेश, मेघ
245 0 _aसाक्षी है सौन्दर्य पा्रश्निक
246 _aSākṣhī hai saundarya pārashnika
260 _aदिल्ली
_b नेशनल पब्लि0 हा0
_c1980
300 _a420पृ.
_ccm.
942 _hR5:g, 152M0
_cTEXL
_2CC
999 _c347992
_d347992